000 00253nam a2200109Ia 4500
008 170627s9999 xx 000 0 und d
100 _aSHARMA - J.K
245 0 _aOPEFRATIONS RESEARCH
260 _bMACMILLAN
260 _c2007
546 _aENGLISH
690 _aOPEFRATIONS RESEARCH
999 _c35365
_d35365